Photographic optics (Record no. 4792)

MARC details
000 -LEADER
fixed length control field 00583nam a2200205Ia 4500
003 - CONTROL NUMBER IDENTIFIER
control field IN-BaIIA
008 - FIXED-LENGTH DATA ELEMENTS--GENERAL INFORMATION
fixed length control field 211028s9999 xx 000 0 eng d
020 ## - INTERNATIONAL STANDARD BOOK NUMBER
International Standard Book Number 0-240-44900-2
040 ## - CATALOGING SOURCE
Transcribing agency IIA Library
080 ## - UNIVERSAL DECIMAL CLASSIFICATION NUMBER
Universal Decimal Classification number 535
Item number COX
100 ## - MAIN ENTRY--PERSONAL NAME
Personal name Cox, Arthur
9 (RLIN) 4235
245 #0 - TITLE STATEMENT
Title Photographic optics
Remainder of title a modern approach to the technique of definitions
Statement of responsibility, etc. Arthur Cox
260 ## - PUBLICATION, DISTRIBUTION, ETC.
Place of publication, distribution, etc. London
Name of publisher, distributor, etc. Focal Press
Date of publication, distribution, etc. 1971
300 ## - PHYSICAL DESCRIPTION
Extent 502p.
490 ## - SERIES STATEMENT
Series statement The manuals of photo-technique
650 ## - SUBJECT ADDED ENTRY--TOPICAL TERM
Topical term or geographic name entry element  Optics 
9 (RLIN) 7974
650 ## - SUBJECT ADDED ENTRY--TOPICAL TERM
Topical term or geographic name entry element  Photographic optics
9 (RLIN) 8524
650 ## - SUBJECT ADDED ENTRY--TOPICAL TERM
Topical term or geographic name entry element NASA Thesaurus 
942 ## - ADDED ENTRY ELEMENTS (KOHA)
Koha item type Books
Holdings
Withdrawn status Lost status Damaged status Not for loan Home library Current library Shelving location Date acquired Total Checkouts Full call number Barcode Date last seen Price effective from Koha item type
        IIA Library-Bangalore IIA Library-Bangalore General Stacks 04/11/1975   535/ COX 5359 05/11/2021 04/11/1975 Books

Powered by Koha